Sostenibilidad fiscal y reformas tributarias en América Latina / (Registro nro. 3901)
[ vista simple ]
| 000 -LEADER | |
|---|---|
| fixed length control field | 01011nam a2200229Ia 4500 |
| 003 - CONTROL NUMBER IDENTIFIER | |
| control field | OSt |
| 005 - DATE AND TIME OF LATEST TRANSACTION | |
| control field | 20200707145641.0 |
| 008 - FIXED-LENGTH DATA ELEMENTS--GENERAL INFORMATION | |
| fixed length control field | 191128s2016 cl ad fr 000 0 spa d |
| 020 ## - INTERNATIONAL STANDARD BOOK NUMBER | |
| International Standard Book Number | 9789211219227 |
| 040 ## - CATALOGING SOURCE | |
| Original cataloging agency | CO-JMCR |
| Transcribing agency | CO-JMCR |
| 041 0# - LANGUAGE CODE | |
| Language code of text/sound track or separate title | spa |
| 082 04 - DEWEY DECIMAL CLASSIFICATION NUMBER | |
| Classification number | 336.38 / |
| Item number | A681s |
| Edition number | 23 |
| 100 1# - MAIN ENTRY--PERSONAL NAME | |
| Personal name | Arenas de Mesa, Alberto, |
| Relator term | autor |
| 9 (RLIN) | 6790 |
| 245 10 - TITLE STATEMENT | |
| Title | Sostenibilidad fiscal y reformas tributarias en América Latina / |
| Statement of responsibility, etc. | Alberto Arenas de Mesa |
| 260 ## - PUBLICATION, DISTRIBUTION, ETC. | |
| Place of publication, distribution, etc. | Santiago de Chile : |
| Name of publisher, distributor, etc. | Cepal, |
| Date of publication, distribution, etc. | 2016 |
| 300 ## - PHYSICAL DESCRIPTION | |
| Extent | 260 páginas : |
| Other physical details | gráficos a color ; |
| Dimensions | 22 cm. |
| 504 ## - BIBLIOGRAPHY, ETC. NOTE | |
| Bibliography, etc. note | Bibliografía: páginas 251-260 |
| 505 0# - FORMATTED CONTENTS NOTE | |
| Formatted contents note | El desafío de la sostenibilidad fiscal en América Latina -- Reformas tributarias en América Latina: el foco en la equidad tributaria -- La reforma tributaria de Chile en 2014: un pacto fiscal para enfrentar la desigualdad -- Desafíos de la política fiscal |
| 650 14 - SUBJECT ADDED ENTRY--TOPICAL TERM | |
| Topical term or geographic name entry element | Política fiscal |
| Geographic subdivision | América Latina |
| 9 (RLIN) | 6791 |
| 650 14 - SUBJECT ADDED ENTRY--TOPICAL TERM | |
| Topical term or geographic name entry element | Reforma tributaria |
| Geographic subdivision | América Latina |
| 9 (RLIN) | 6792 |
| 942 ## - ADDED ENTRY ELEMENTS (KOHA) | |
| Source of classification or shelving scheme | Dewey Decimal Classification |
| Koha item type | Books |
| Withdrawn status | Lost status | Source of classification or shelving scheme | Damaged status | Not for loan | Collection code | Home library | Current library | Date acquired | Source of acquisition | Full call number | Barcode | Date last seen | Copy number | Koha item type |
|---|---|---|---|---|---|---|---|---|---|---|---|---|---|---|
| Dewey Decimal Classification | Non-fiction | Biblioteca Pública José María del Castillo y Rada | Biblioteca Pública José María del Castillo y Rada | 12/12/2017 | Donación | 336.38 / A681s | 201808543 | 05/16/2024 | Ej.1 | Books |